| 000 | 00507nam a2200157Ia 4500 | ||
|---|---|---|---|
| 008 | 230907s9999||||xx |||||||||||||| ||und|| | ||
| 082 |
_a621.1 _bADE |
||
| 100 |
_aMuhammad Adeel Arif (00000206122) _9116565 |
||
| 245 | 0 | _aIslanding Detection for Inverter-Based Distributed Generation using Unsupervised Learning / | |
| 260 |
_aUSPCAS-E, NUST, _bIslamabad : _c2021 |
||
| 300 | _ax, 87 p. | ||
| 520 | _aTH-265 | ||
| 650 | _aMS-EEP Thesis MS Thesis | ||
| 700 |
_aDr Kashif Imran _9117108 |
||
| 942 |
_cTHE _2ddc |
||
| 999 |
_c601943 _d601943 |
||